LEADER 02820nam 22006255 450 001 9910299312703321 005 20251225202149.0 010 $a981-13-0023-2 010 $a978-981-13-0023-3 024 7 $a10.1007/978-981-13-0023-3 035 $a(CKB)4100000003359802 035 $a(DE-He213)978-981-13-0023-3 035 $a(MiAaPQ)EBC6302488 035 $a(MiAaPQ)EBC5576691 035 $a(Au-PeEL)EBL5576691 035 $a(OCoLC)1031376383 035 $a(PPN)226697088 035 $a(EXLCZ)994100000003359802 100 $a20180413d2018 u| 0 101 0 $aeng 135 $aurnn|008mamaa 181 $ctxt$2rdacontent 182 $cc$2rdamedia 183 $acr$2rdacarrier 200 10$aMathematics and Computing $e4th International Conference, ICMC 2018, Varanasi, India, January 9-11, 2018, Revised Selected Papers /$fedited by Debdas Ghosh, Debasis Giri, Ram N. Mohapatra, Ekrem Savas, Kouichi Sakurai, L. P. Singh 205 $a1st ed. 2018. 210 1$aSingapore :$cSpringer Nature Singapore :$cImprint: Springer,$d2018. 215 $a1 online resource (XIX, 325 p. 84 illus.) 225 1 $aCommunications in Computer and Information Science,$x1865-0937 ;$v834 311 08$a981-13-0022-4 327 $aSecurity and coding theory -- Computing -- Applied mathematics -- Pure mathematics. 330 $aThis book constitutes the proceedings of the 4th International Conference on Mathematics and Computing, ICMC 2018, held in Varanasi, India, in January 2018. The 29 papers presented in this volume were carefully reviewed and selected from 116 submissions. They are organized in topical sections on security and coding theory; computing; applied mathematics; pure mathematics. 410 0$aCommunications in Computer and Information Science,$x1865-0937 ;$v834 606 $aComputer science$xMathematics 606 $aData protection 606 $aMathematics of Computing 606 $aData and Information Security 615 0$aComputer science$xMathematics. 615 0$aData protection. 615 14$aMathematics of Computing. 615 24$aData and Information Security. 676 $a004.0151 702 $aGhosh$b Debdas$4edt$4http://id.loc.gov/vocabulary/relators/edt 702 $aGiri$b Debasis$4edt$4http://id.loc.gov/vocabulary/relators/edt 702 $aMohapatra$b Ram N$4edt$4http://id.loc.gov/vocabulary/relators/edt 702 $aSavas$b Ekrem$4edt$4http://id.loc.gov/vocabulary/relators/edt 702 $aSakurai$b Kouichi$4edt$4http://id.loc.gov/vocabulary/relators/edt 702 $aSingh$b L. P$4edt$4http://id.loc.gov/vocabulary/relators/edt 801 0$bMiAaPQ 801 1$bMiAaPQ 801 2$bMiAaPQ 906 $aBOOK 912 $a9910299312703321 996 $aMathematics and computing$91522892 997 $aUNINA